All thumbs guide to home plumbing / (Record no. 11567)

000 -LEADER
fixed length control field 00555pam a2200193 a 4500
020 ## - INTERNATIONAL STANDARD BOOK NUMBER
ISBN 0830625461 :
020 ## - INTERNATIONAL STANDARD BOOK NUMBER
ISBN 0830625453 (pbk.) :
040 ## - CATALOGING SOURCE
Transcribing agency DLC
082 00 - DEWEY DECIMAL CLASSIFICATION NUMBER
Classification number 696 TAB 1992 A038 Or.
100 1# - MAIN ENTRY--AUTHOR NAME
Personal name Wood, Robert W.,
245 10 - TITLE STATEMENT
Title All thumbs guide to home plumbing /
250 ## - EDITION STATEMENT
Edition statement 1st ed.
260 ## - PUBLICATION, DISTRIBUTION, ETC. (IMPRINT)
Place of publication Blue Ridge Summit, PA :
Name of publisher Tab Books,
Year of publication c1992.
300 ## - PHYSICAL DESCRIPTION
Number of Pages xiv, 130 p. :
Other physical details ill. (some col.) ;
Dimensions 24 cm.
500 ## - GENERAL NOTE
General note Includes index.
650 #0 - SUBJECT ADDED ENTRY--TOPICAL TERM
Topical Term Plumbing
856 42 - ELECTRONIC LOCATION AND ACCESS
Uniform Resource Identifier http://www.loc.gov/catdir/description/mh041/91041376.html
942 ## - ADDED ENTRY ELEMENTS (KOHA)
Koha item type សៀវភៅភាសាអង់គ្លេស
952 ## - LOCATION AND ITEM INFORMATION (KOHA)
Withdrawn status [LOCAL, KOHA] 0
952 ## - LOCATION AND ITEM INFORMATION (KOHA)
Withdrawn status [LOCAL, KOHA] 0
Holdings
Permanent Location Date acquired Koha item type Lost status Shelving location Barcode Current Location Full call number
Library Block A2017-08-03សៀវភៅភាសាអង់គ្លេស A038A12573Library Block A696 TAB 1992 A038 Or.
Library Block A2017-08-03សៀវភៅភាសាអង់គ្លេស A038A11593Library Block A696 TAB 1992 A038 Or.
មជ្ឈមណ្ឌលឯការនៃសាកលវិទ្យាល័យភូមិន្ទកសិកម្មចំការដូង

Powered by Koha